000 00425nam a2200169Ia 4500
008 221030s9999 xx 000 0 und d
020 _a007462136X
041 _aEnglish
082 _a105.23
_bGot
100 _aB. S. Gottfried
245 0 _aSchaum`s Outline Series Programming With Pascal
_cby B. S. Gottfried
250 _a2nd
260 _bTMH
_aNew Delhi
_c1997
300 _a428
650 _aBE Computer
942 _cBK
999 _c7560
_d7560